000 00614nam a2200229Ia 4500
003 OSt
005 20220918201228.0
006 a|||||r|||| 00| 0
007 ta
008 220917b |||||||| |||| 00| 0 eng d
024 _a92,508
037 _cTextual
040 _aARTS
_cARTS
_beng
041 _2eng
_aeng
082 _aV,61:1.N79, M0
100 _aDunleavy partick
_997573
245 0 _aUrban political analysis
260 _aLondon
_bMacmillan
_c1980
490 _aSocology politics and cities
942 _hV,61:1.N79, M0
_cTEXL
_2CC
999 _c216159
_d216159